000 00658nam a2200229Ia 4500
003 OSt
005 20221007081459.0
006 a|||||r|||| 00| 0
007 ta
008 221006b |||||||| |||| 00| 0 eng d
024 _a22,789
037 _cReference Collections
040 _aFLL
_cFLL
_beng
041 _2eng
_aeng
082 _aZ2,9298, P7
100 _aKunnecks Martina
_9697380
245 0 _aTradition and change in administrative law
260 _aNew York
_bSpringer Berlin Heidelberg UK
_c2007
300 _axii,266p
_ccm.
942 _hZ2,9298, P7
_cREF
_2CC
999 _c1163186
_d1163186